00386nam a2200145Ia 4500008004100000020001500041082001500056100001700071245006200088250000800150260002900158300001300187500002500200650001500225230524s9999 xx 000 0 und d a8177585657 a174.4bFER aA.C.Fernando 0a"Corporate Governance : Principles, Policies & Practices" a3RD aNEW DELHIbPearsonc2008 aVIII;422 aQuantity Number: 25 aManagement